| 000 | 00790nam a2200265Ia 4500 | ||
|---|---|---|---|
| 003 | OSt | ||
| 005 | 20220918164446.0 | ||
| 006 | a|||||r|||| 00| 0 | ||
| 007 | ta | ||
| 008 | 220917b |||||||| |||| 00| 0 eng d | ||
| 020 | _a0631165770 | ||
| 024 | _a232,467 | ||
| 037 | _cTextual | ||
| 040 |
_aARTS _cARTS _beng |
||
| 041 |
_2eng _aeng |
||
| 082 | _aR:(S:4):(D65,8[B]), N1 | ||
| 100 |
_aBechtel William _919049 |
||
| 245 | 0 |
_aConnectionism and the mind _b introduction to parallel processing in networks |
|
| 260 |
_aCambridge _bBasil Blackwell _c1991 |
||
| 300 |
_axiv, 349p _ccm. |
||
| 650 | _aPHILOSOPHY | ||
| 700 |
_a Abrahamsen Adele _919050 |
||
| 942 |
_hR:(S:4):(D65,8[B]), N1 _cTEXL _2CC |
||
| 999 |
_c124922 _d124922 |
||